000 00706nam a22002177a 4500
005 20140102164636.0
010 _aENG-104067
020 _a9780198074366
_c495.00
020 _a0198074360
_c495.00
035 _aEN-87600
037 _bDBAD/PUB
082 _a370.1
100 _aGnanakan,Ken
245 _aIntegrated learning /
_cby Ken Gnanakan
260 _aNew Delhi
_bOxford University Press
_c2011
270 _aYMCA Library Building, 1, Jai Singh Road
_bNew Delhi
_e110001
300 _aviii,180p.
_c21cm (Hb)
500 _aIncludes index.
942 _2ddc
_cEN
_h379.263
_mGNA
999 _c58247
_d58247